Dionisíacas: Cantos XXXVII-XLVIII
Guardat en:
| Autor principal: | |
|---|---|
| Format: | Llibre |
| Idioma: | espanyol |
| Publicat: |
Madrid
Gredos
2008
|
| Col·lecció: | Biblioteca Clásica Gredos, 370
|
| Matèries: | |
| Etiquetes: |
Afegir etiqueta
Sense etiquetes, Sigues el primer a etiquetar aquest registre!
|
MARC
| LEADER | 00000cam a2200000 a 4500 | ||
|---|---|---|---|
| 001 | UCG8930 | ||
| 003 | CL-VaPUC | ||
| 008 | 120106e20080000SP |||||||||||||||||spa|d | ||
| 020 | |a 9788424916875o.c | ||
| 020 | |a 9788424902148t.4 | ||
| 082 | 0 | 4 | |a 883 |b PAN |2 21 |
| 100 | |a Panópolis, Nono de |e autor |9 560218 | ||
| 245 | 1 | 0 | |a Dionisíacas: Cantos XXXVII-XLVIII |
| 300 | |a t | ||
| 942 | |c BK | ||
| 945 | |d 20120106 00:00:00 |a dcastane | ||
| 260 | |a Madrid |b Gredos |c 2008 | ||
| 500 | |a t.4: Cantos XXXVII-XLVIII | ||
| 650 | 7 | |a POESIA EPICA GRIEGA |2 CL-VaPUC |9 265215 | |
| 583 | |a last modification |c 20120106 11:45:00 |k Rodrigo Vera | ||
| 490 | 0 | |a Biblioteca Clásica Gredos, 370 | |
| 999 | |c 346517 |d 346515 | ||
| 952 | |0 0 |1 0 |4 0 |6 883_000000000000000_PAN_2008 |7 0 |8 X |9 447220 |a BIBHIS |b BIBHIS |d 2019-11-22 |h t.4 |i 4819616 |l 1 |o 883 PAN 2008 |p 4819616 |r 2024-11-14 |s 2024-11-14 |w 2019-11-22 |y BK_X |k HIS | ||